00579cam a2200193 a 4500020001800000020001500018040000800033082002600041245010300067260005100170300002100221490002600242650002200268650002000290650002500310700002600335942000700361999001700368 a9782872099641 a2872099646 cDLC a820 ACA 2010 A097 Or.00aAltérité et mutations dans la langue :bpour une stylistique des littératures francophones / aLouvain-la-Neuve :bAcademia-Bruylant,c[2010] a284 p. ;c21 cm.0 aAu coeur des textes ; 0aFrench literature 0aFrench language 0aLanguage and culture1 aKassab-Charfi, Samia. cEK c15977d15977